000 00606nam a2200241Ia 4500
003 OSt
005 20221005122920.0
006 a|||||r|||| 00| 0
007 ta
008 221004b |||||||| |||| 00| 0 kan d
024 _a60006
037 _cTextual
040 _aCRL
_cCRL
_bkan
041 _2kan
_akan
082 _aO33,1:gx1,1:g, L3
100 _aSeetaramayya Au.
_9632822
245 0 _aKavirajamarga
260 _c1973
300 _a168p.
_ccm.
650 _aKANNAD LITERATURE
942 _hO33,1:gx1,1:g, L3
_cTEXL
_2cc
999 _c1045782
_d1045782